Normal view MARC view
  • Philips, M.

Entry Personal Name

Number of records used in: 0

001 - CONTROL NUMBER

  • control field: 79572

003 - CONTROL NUMBER IDENTIFIER

  • control field: KE-NaSUL

005 - DATE AND TIME OF LATEST TRANSACTION

  • control field: 20250825170253.0

008 - FIXED-LENGTH DATA ELEMENTS

  • fixed length control field: 250825|| aca||aabn | a|a d

040 ## - CATALOGING SOURCE

  • Original cataloging agency: KE-NaSUL
  • Transcribing agency: KE-NaSUL

100 ## - HEADING--PERSONAL NAME

  • Personal name: Philips, M.
  • Fuller form of name: (Melville)

670 ## - SOURCE DATA FOUND

  • Source citation: Work cat.: (KE-NaSUL)54172: Melville, George W. (George Wallace), 1841-1912. 79570, In the Lena Delta, 2001.

© Strathmore University Library
Madaraka Estate, Ole Sangale Road | P. O. Box 59857 - 00200 City Square, Nairobi, Kenya
(+254) (0)703 034 000/200/300 | (+254) (0)20-607498